Del sentido ii - ensayos semioticos /

Guardado en:
Autor Principal: Greimas, Algirdas J.
Formato: Libro
Publicado: Madrid, España. : Gredos., 1989
Series:Biblioteca Románica Hipánica.
Materias:
Etiquetas: Agregar Etiqueta
Sin Etiquetas, Sea el primero en etiquetar este registro!
LEADER 00638nam a22002055a 4500
001 EHU.bham022985
003 AR-BHAM
005 20101217152211.0
008 130507s1989##################000#0#####d
082 4 0 |a 401 
100 1 |a Greimas, Algirdas J. 
245 1 0 |a Del sentido ii - ensayos semioticos /  |c Algirdas J. Greimas 
260 |a Madrid, España. :  |b Gredos.,  |c 1989 
300 |a 290p. 
490 0 |a Biblioteca Románica Hipánica. 
500 |a Versión española de Esther Diamante. 
653 |a Sociolinguistica 
653 |a Linguistica 
653 |a Linguistica-ensayos 
859 |a AR-BHAM  |b BIB. HUMANIDADES - General  |h 401  |i G863-1  |p 70.00  |t Ej.1